Programové vybavenie procesora prechodového náboja na výskum polovodičov a dielektrík

Na minha lista:
Detalhes bibliográficos
Autor principal: Tölgyessy, Michal, 1985- (Author)
Outros Autores: Nádažný, Vojtech (Thesis advisor)
Formato: Manuscrito Livro
Idioma:eslovaco
Publicado em: STU v Bratislave FIIT, 2009
Assuntos:
Tags: Adicionar Tag
Sem tags, seja o primeiro a adicionar uma tag!

MARC

LEADER 00000ntm a22000003a 4500
001 stu201510
005 20180430161808.5
008 100324s2009----xo------------------slo-d
040 |a STU  |b slo 
041 0 |a slo 
044 |a xo 
100 1 |a Tölgyessy, Michal,  |d 1985-  |4 aut  |u E010  |T FEI Ústav riadenia a priemyselnej informatiky  |X 22286  |U E010  |Y E010  |7 A000022286 
245 1 |a Programové vybavenie procesora prechodového náboja na výskum polovodičov a dielektrík 
260 |b STU v Bratislave FIIT,  |c 2009 
300 |a 90 s  |c príl. 
650 7 |a počítačové inžinierstvo  |2 stusub 
700 1 |a Nádažný, Vojtech  |4 ths 
996 |c I*DP136/09  |l II680  |s P  |a 0  |w stu201510_0001